Revista Bonijuris

Detalles Bibliográficos
Formato: Desconocido
Lenguaje:portugués
Publicado: [Brasil] : Bonijuris
Materias:
Acceso en línea:Acceso restringido

MARC

LEADER 00000ny a22000003n 4500
005 20110510135514.0
008 031203d19uu9999bl r 0 b0por
022 |a 1809-3256 
035 |a 2375 
040 |a BUS  |d vLex 
090 |c 1560  |d 1560 
245 3 0 |a Revista Bonijuris  |h [Recurso electrn̤ico] 
256 |a Servicio en ln̕ea 
260 |a [Brasil] :  |b Bonijuris 
506 1 |a Contenido solo disponible en los productos indicados  |d vLex Global  |d vLex Global (Academic Edition, excluding Law Schools)  |d vLex Global (U.S. Academic Edition, Law Schools)  |d vLex Global (U.S. Academic Edition, excluding Law Schools)  |d vLex Global (Academic Edition, Law Schools) 
650 0 4 |a Derecho  |z Brasil  |x Publicaciones perid̤icas 
740 0 |a vLex Revista (Servicios en ln̕ea) 
843 |a Electrn̤ica. Abierta 
853 |8 1  |i (year)  |j (month)  |k (day) 
856 4 0 |u http://vlex.com/source/2375  |z Acceso restringido 
942 |c REV